Základy dynamického vyvažování

Na minha lista:
Detalhes bibliográficos
Main Authors: Juliš, Karel (Author), Borůvka, Vladimír (Author), Fryml, Bohumil (Author)
Formato: Livro
Idioma:tcheco
Publicado em: Praha : SNTL, 1979
Edição:1.vyd.
Tags: Adicionar Tag
Sem tags, seja o primeiro a adicionar uma tag!

MARC

LEADER 00000nam a22000003a 4500
001 stu141859
005 20150617225924.5
008 070530s1979----cs------------------cze-d
040 |a STU  |b slo 
041 0 |a cze 
044 |a cs 
080 |a 621.313.043 
100 1 |a Juliš, Karel  |4 aut 
245 1 |a Základy dynamického vyvažování 
250 |a 1.vyd. 
260 |a Praha :  |b SNTL,  |c 1979 
300 |a 264 s.;tab.,schémy 
700 1 |a Borůvka, Vladimír  |4 aut 
700 1 |a Fryml, Bohumil  |4 aut 
996 |b E46851  |c E*46851  |l EE15  |s P  |a 0  |w stu141859_0001 
996 |b 284V027711  |c V*16198/O-5742  |l VVT  |s A  |a 24  |w stu141859_0002 
996 |b 284V035463  |c V*16199/O-5742a  |l VVS  |s A  |a 24  |w stu141859_0003